Javiera Carrera: madre de la patria

Enregistré dans:
Détails bibliographiques
Auteur principal: Vidal, Virginia (Auteur)
Format: Livre
Langue:espagnol
Publié: Santiago Ril Editores 2010
Édition:2a. ed
Sujets:
Tags: Ajouter un tag
Pas de tags, Soyez le premier à ajouter un tag!

MARC

LEADER 00000cam a2200000 a 4500
001 UCF5983
003 CL-VaPUC
008 130404e20100900CL |||||||||||||||||spa|d
020 |a 9789562847537 
082 0 4 |a Ch863  |b VID  |2 21 
100 0 |a Vidal, Virginia  |e author  |9 568024 
245 1 0 |a Javiera Carrera: madre de la patria 
250 |a 2a. ed 
300 |a 242 p 
942 |c BK 
945 |d 20130404 00:00:00  |a dcastane 
260 |a Santiago  |b Ril Editores  |c 2010 
650 0 |a Novelas chilenas   |9 265425 
650 0 |a Novelas históricas   |9 342315 
650 0 |a Literatura chilena   |9 308278 
583 |a last modification  |c 20130404 09:53:00  |k Rodrigo Vera 
999 |c 351376  |d 351374 
952 |0 0  |1 0  |4 0  |6 CH_863_000000000000000_VID_2010  |7 0  |8 X  |9 455425  |a FDOBUD  |b FDOBUD  |d 2019-11-22  |i 4881095  |o Ch863 VID 2010  |p 4881095  |r 2019-11-22  |w 2019-11-22  |y BK_X  |k BUD